000 00385pab a2200169 454500
008 180718b2013 xxu||||| |||| 00| 0 eng d
100 _aHithendra, R.
245 _aPenal laws regarding illegal mining
260 _c2013
300 _ap.3-7.
362 _aJan-Mar
650 _aPenal sanctions
650 _aMinning
773 _aCBI Bulletin
908 _aN
909 _a101585
999 _c101583
_d101583